[Event "Sarajevo Bosna op 49th"]
[Site "Sarajevo"]
[Date "2019.04.29"]
[Round "4"]
[White "Borsuk, Konstantin"]
[Black "Bucan, Eldin"]
[Result "1-0"]
[WhiteElo "2368"]
[BlackElo "2135"]
[PlyCount "93"]
[EventDate "2019.04.27"]
[EventType "swiss"]
[EventRounds "9"]
[EventCountry "BIH"]
[SourceTitle "CBM 190 Extra"]
[Source "ChessBase"]
[SourceDate "2019.07.15"]
[SourceVersion "1"]
[SourceVersionDate "2019.07.15"]
[SourceQuality "1"]

1. c4 Nf6 2. Nf3 g6 3. g3 Bg7 4. Bg2 0-0 5. 0-0 c6 6. d4 d6 7. Nc3 Qa5 8. h3 Be6 9. Nd2 a6 10. d5 Bd7 11. e4 Nh5 12. Nb3 Qb4 13. g4 Nf6 14. Be3 c5 15. a3 Qb6 16. Qc2 Qc7 17. a4 b6 18. f4 Ra7 19. Rfe1 Ne8 20. Nd2 Qc8 21. Nf3 Qc7 22. e5 Bc8 23. Bf2 Nd7 24. Qe2 h6 25. Rad1 Kh7 26. Bh4 f6 27. e6 Nb8 28. f5 g5 29. Bf2 Rh8 30. h4 Qd8 31. Be3 Nc7 32. Kf2 Kg8 33. Rh1 Qe8 34. Rb1 a5 35. Rh3 Nba6 36. b3 Nb4 37. Rbh1 Bb7 38. Qd2 Qa8 39. Ng1 Qe8 40. Nce2 Ra8 41. Ng3 Qf8 42. Be4 Ne8 43. Nh5 Rc8 44. Ne2 Rc7 45. Ng1 Rc8 46. Nf3 Nc7 47. Nxg7 1-0

[Event "Sarajevo Bosna op 48th"]
[Site "Sarajevo"]
[Date "2018.05.10"]
[Round "8"]
[White "Drasko, Milan"]
[Black "Bucan, Eldin"]
[Result "1-0"]
[WhiteElo "2449"]
[BlackElo "2115"]
[PlyCount "95"]
[EventDate "2018.05.05"]
[EventType "swiss"]
[EventRounds "9"]
[EventCountry "BIH"]
[SourceTitle "CBM 184 Extra"]
[Source "ChessBase"]
[SourceDate "2018.06.28"]
[SourceVersion "1"]
[SourceVersionDate "2018.06.28"]
[SourceQuality "1"]

1. Nf3 g6 2. g3 Bg7 3. d4 d6 4. Bg2 Nd7 5. c4 e5 6. Nc3 Ne7 7. dxe5 Nxe5 8. Nxe5 Bxe5 9. Qd3 0-0 10. 0-0 Bg7 11. b3 Bf5 12. Qd2 Qc8 13. Bb2 Bh3 14. Rfe1 Bxg2 15. Kxg2 Qe6 16. e4 Bxc3 17. Qxc3 f6 18. c5 dxc5 19. Qxc5 Nc6 20. Rad1 Rad8 21. f3 g5 22. h3 Rd7 23. Rxd7 Qxd7 24. Bc3 Ne5 25. Qd5+ Qxd5 26. exd5 Nd7 27. Bb4 Rf7 28. d6 cxd6 29. Bxd6 Kg7 30. f4 Kg6 31. Kf3 h5 32. Re8 gxf4 33. Kxf4 Nb6 34. Rg8+ Kh7 35. Rd8 Kg6 36. Ke4 Nd7 37. Kd5 Kf5 38. g4+ hxg4 39. hxg4+ Kg6 40. Ke6 Nb6 41. Rg8+ Rg7 42. Rxg7+ Kxg7 43. Be7 a5 44. Bxf6+ Kg6 45. Bd4 Nc8 46. Kd7 Kg5 47. Kxc8 Kxg4 48. Kxb7 1-0

[Event "Sarajevo Bosna op 48th"]
[Site "Sarajevo"]
[Date "2018.05.06"]
[Round "2"]
[White "Ivic, Velimir"]
[Black "Bucan, Eldin"]
[Result "1-0"]
[WhiteElo "2405"]
[BlackElo "2115"]
[PlyCount "117"]
[EventDate "2018.05.05"]
[EventType "swiss"]
[EventRounds "9"]
[EventCountry "BIH"]
[SourceTitle "CBM 184 Extra"]
[Source "ChessBase"]
[SourceDate "2018.06.28"]
[SourceVersion "1"]
[SourceVersionDate "2018.06.28"]
[SourceQuality "1"]

1. e4 d6 2. d4 Nf6 3. Nc3 g6 4. Be3 c6 5. Qd2 b5 6. Bd3 Qc7 7. h3 Nbd7 8. Nf3 Nb6 9. 0-0 Bg7 10. Bh6 0-0 11. Qg5 b4 12. Ne2 c5 13. c3 e5 14. Bxg7 Kxg7 15. dxe5 dxe5 16. cxb4 c4 17. Bc2 Re8 18. Rfd1 h6 19. Qe3 Bb7 20. Nc3 Qe7 21. a3 Bc6 22. Rd2 Rad8 23. Rad1 Rxd2 24. Rxd2 Nh5 25. Qc5 Qxc5 26. bxc5 Nd7 27. Ba4 Bxa4 28. Nxa4 Nhf6 29. Rc2 Nxe4 30. Rxc4 f5 31. c6 Ndf6 32. Nc5 Nd6 33. Ra4 Nc8 34. Nd7 e4 35. Nfe5 Re7 36. Rb4 Nd5 37. Rb8 Nd6 38. Ra8 f4 39. Rxa7 e3 40. fxe3 fxe3 41. Ra4 Nf7 42. Re4 Nxe5 43. Rxe5 Kf7 44. Kf1 Rxe5 45. Nxe5+ Ke6 46. Nc4 Kf5 47. Ke2 Ke4 48. Nxe3 Nf4+ 49. Kd2 Ne6 50. b4 Kd4 51. a4 h5 52. b5 Kc5 53. Kc3 Nc7 54. Nc4 g5 55. Ne5 Nd5+ 56. Kb3 Kb6 57. Nd7+ Kc7 58. a5 g4 59. a6 1-0

[Event "Sarajevo Bosna op 45th"]
[Site "Sarajevo"]
[Date "2015.06.02"]
[Round "6"]
[White "Bucan, Eldin"]
[Black "Nestorovic, Dejan"]
[Result "0-1"]
[WhiteElo "2155"]
[BlackElo "2425"]
[PlyCount "110"]
[EventDate "2015.05.30"]
[EventType "swiss"]
[EventRounds "9"]
[EventCountry "BIH"]
[SourceTitle "CBM 166 Extra"]
[Source "ChessBase"]
[SourceDate "2015.06.18"]
[SourceVersion "1"]
[SourceVersionDate "2015.06.18"]
[SourceQuality "1"]

1. e4 c5 2. Nf3 e6 3. d4 cxd4 4. Nxd4 Bc5 5. Nb3 Bb6 6. Bd3 Ne7 7. Nc3 Nbc6 8. Qg4 0-0 9. Qg3 f5 10. 0-0 Bc7 11. Qh4 f4 12. f3 Ne5 13. Ne2 N5g6 14. Qg5 Be5 15. g3 Bf6 16. Qh5 fxg3 17. hxg3 Ne5 18. Kg2 g6 19. Qh6 b6 20. Rh1 Rf7 21. Be3 N7c6 22. Nbd4 Nxd4 23. Nxd4 Nxd3 24. cxd3 Ba6 25. Rad1 Rc8 26. f4 Qf8 27. Qxf8+ Rfxf8 28. Rh2 e5 29. Nf3 exf4 30. gxf4 Rc2+ 31. Kg3 Rxh2 32. Kxh2 Bxb2 33. Kg3 Rc8 34. Rb1 Bg7 35. Rb3 Rc3 36. Rxc3 Bxc3 37. d4 Bd3 38. Ne5 Bxe4 39. Nxd7 Kg7 40. Ne5 Bd5 41. a4 Kf6 42. Kg4 h5+ 43. Kg3 Be1+ 44. Kh3 Be4 45. Nc4 Bf5+ 46. Kg2 Ke6 47. Bg1 Kd5 48. Ne3+ Ke4 49. d5 Bd7 50. d6 Bb4 51. Nc4 Bxa4 52. Bxb6 axb6 53. Nxb6 Bc6 54. d7 Kxf4+ 55. Kh2 Be7 0-1

[Event "Sarajevo Bosna op-B 44th"]
[Site "Sarajevo"]
[Date "2014.06.03"]
[Round "6"]
[White "Bucan, Eldin"]
[Black "Muratovic, Enver"]
[Result "1-0"]
[WhiteElo "2165"]
[BlackElo "2281"]
[PlyCount "109"]
[EventDate "2014.05.30"]
[EventType "swiss"]
[EventRounds "9"]
[EventCountry "BIH"]
[SourceTitle "CBM 160 Extra"]
[Source "ChessBase"]
[SourceDate "2014.07.01"]
[SourceVersion "1"]
[SourceVersionDate "2014.07.01"]
[SourceQuality "1"]

1. e4 c5 2. Nf3 e6 3. d4 cxd4 4. Nxd4 Qb6 5. Nb3 a6 6. Bd3 Nc6 7. Nc3 Qc7 8. 0-0 b5 9. Be3 Nf6 10. f4 d6 11. Qe2 Be7 12. Rae1 Bb7 13. h3 Nb4 14. Qf2 Nd7 15. e5 Nxd3 16. cxd3 dxe5 17. fxe5 0-0 18. d4 b4 19. Ne2 Be4 20. Qg3 Qd8 21. Bf2 Nb6 22. Nf4 Bf5 23. Nc5 Nd5 24. Nxd5 Qxd5 25. Be3 Kh8 26. Qf4 h6 27. h4 Rac8 28. b3 a5 29. g4 Bg6 30. h5 Bh7 31. Qg3 Rc7 32. Rf2 Qd8 33. g5 hxg5 34. Ref1 Bf5 35. Rg2 f6 36. h6 Rxc5 37. hxg7+ Kxg7 38. dxc5 Kg6 39. c6 Qd3 40. c7 Rc8 41. exf6 Bxf6 42. Rd2 Qc3 43. Rd7 Qc6 44. Rfd1 Rh8 45. R1d5 exd5 46. Rd6 Qxd6 47. Qxd6 Rc8 48. Bd4 Rf8 49. Qxf8 Bxd4+ 50. Kf1 Bh3+ 51. Ke2 Bg7 52. Qe8+ Kh6 53. c8Q Bxc8 54. Qxc8 d4 55. Kf3 1-0

[Event "Sarajevo Bosna op-B 43rd"]
[Site "Sarajevo"]
[Date "2013.06.06"]
[Round "7"]
[White "Bucan, Eldin"]
[Black "Nestorovic, Katarina"]
[Result "1-0"]
[WhiteElo "2196"]
[BlackElo "1449"]
[PlyCount "55"]
[EventDate "2013.06.01"]
[EventType "swiss"]
[EventRounds "9"]
[EventCountry "BIH"]
[SourceTitle "CBM 154 Extra"]
[Source "ChessBase"]
[SourceDate "2013.06.25"]
[SourceVersion "2"]
[SourceVersionDate "2013.06.25"]
[SourceQuality "1"]

1. e4 c5 2. Nf3 e6 3. d4 cxd4 4. Nxd4 Nf6 5. Nc3 d6 6. Bg5 Be7 7. f4 0-0 8. Qf3 Nc6 9. 0-0-0 Qc7 10. Ndb5 Qb8 11. Bxf6 gxf6 12. Bc4 a6 13. Nd4 Nxd4 14. Rxd4 b5 15. Bb3 a5 16. a4 b4 17. Ne2 e5 18. Rd2 Bb7 19. Ng3 Qc8 20. Qh5 f5 21. Nxf5 Bf6 22. Nxd6 Qc7 23. fxe5 Bg7 24. Rf1 Ba6 25. Rf3 Kh8 26. Rxf7 Rxf7 27. Nxf7+ Kg8 28. Ng5+ 1-0

[Event "Sarajevo Bosna op-B 43rd"]
[Site "Sarajevo"]
[Date "2013.06.01"]
[Round "1"]
[White "Bucan, Eldin"]
[Black "Popovic, Emir"]
[Result "0-1"]
[WhiteElo "2196"]
[BlackElo "1865"]
[PlyCount "150"]
[EventDate "2013.06.01"]
[EventType "swiss"]
[EventRounds "9"]
[EventCountry "BIH"]
[SourceTitle "CBM 154 Extra"]
[Source "ChessBase"]
[SourceDate "2013.06.25"]
[SourceVersion "2"]
[SourceVersionDate "2013.06.25"]
[SourceQuality "1"]

1. e4 e5 2. Nf3 Nf6 3. Nxe5 d6 4. Nf3 Nxe4 5. d4 d5 6. Bd3 Nc6 7. 0-0 Be7 8. c4 Nf6 9. Nc3 Bg4 10. cxd5 Nxd5 11. Re1 0-0 12. Be4 Nf6 13. Bxc6 bxc6 14. Qd3 c5 15. d5 c6 16. Ne5 Rc8 17. Nxg4 Nxg4 18. Qe4 Qd7 19. dxc6 Qe6 20. Qxe6 fxe6 21. Rxe6 Bf6 22. Ne4 Bd4 23. Be3 Nxe3 24. fxe3 Bxe3+ 25. Kh1 Rc7 26. g3 Bd4 27. Re1 h6 28. Re2 Rb8 29. b3 Rb6 30. Nd6 Rbxc6 31. Re8+ Kh7 32. Nb5 Rd7 33. R8e7 Rxe7 34. Rxe7 a6 35. Na3 Rf6 36. Re2 g5 37. Kg2 Kg6 38. Nc4 g4 39. h3 h5 40. hxg4 hxg4 41. Nd2 Kf5 42. Nf1 Kg6 43. Nh2 Kg5 44. a4 a5 45. Re4 Rf2+ 46. Kh1 Kf5 47. Re8 Rb2 48. Rf8+ Ke4 49. Nxg4 Rxb3 50. Kg2 c4 51. Re8+ Kd5 52. Ra8 c3 53. Rxa5+ Ke4 54. Ra8 c2 55. Rc8 Rc3 56. Nf2+ Ke3 57. Re8+ Kd2 58. Ne4+ Kd3 59. Nxc3 Bxc3 60. Rd8+ Kc4 61. Rc8+ Kb3 62. Rb8+ Ka3 63. a5 c1Q 64. a6 Qd2+ 65. Kh3 Qd7+ 66. Kg2 Qc6+ 67. Kh3 Qxa6 68. Rb1 Qh6+ 69. Kg2 Qd2+ 70. Kh3 Qd7+ 71. Kg2 Qd5+ 72. Kh2 Qh5+ 73. Kg2 Qd5+ 74. Kh2 Bd4 75. Rf1 Qh5+ 0-1

[Event "Lukavac op 1st"]
[Site "Lukavac"]
[Date "2012.11.25"]
[Round "4"]
[White "Bucan, Eldin"]
[Black "Mrndjic, Muamer"]
[Result "1-0"]
[WhiteElo "2157"]
[BlackElo "2286"]
[PlyCount "103"]
[EventDate "2012.11.23"]
[EventType "swiss"]
[EventRounds "7"]
[EventCountry "BIH"]
[SourceTitle "CBM 151 Extra"]
[Source "ChessBase"]
[SourceDate "2012.12.18"]
[SourceVersion "1"]
[SourceVersionDate "2012.12.18"]
[SourceQuality "1"]

1. e4 c5 2. Nf3 g6 3. d4 cxd4 4. Nxd4 Nc6 5. Nc3 Bg7 6. Be3 Nf6 7. Be2 Qa5 8. 0-0 0-0 9. Qd2 Nxd4 10. Qxd4 d6 11. Qd2 Re8 12. f3 Be6 13. a3 a6 14. Rad1 Rac8 15. Bd4 Bc4 16. Rf2 Bxe2 17. Rxe2 Nd7 18. Bxg7 Kxg7 19. Nd5 Qxd2 20. Rexd2 Ne5 21. b3 Kf8 22. f4 Nd7 23. Kf2 a5 24. Ne3 h5 25. Kf3 Nc5 26. Rd4 b5 27. b4 Na6 28. Rd5 Nc7 29. R5d3 axb4 30. axb4 Ra8 31. Rc3 Na6 32. Rb1 Rec8 33. Rxc8+ Rxc8 34. Rb3 e6 35. Ke2 f5 36. exf5 gxf5 37. Kd3 Ke7 38. Kd4 Nb8 39. c4 Nc6+ 40. Kd3 Rb8 41. cxb5 Rxb5 42. Kc4 Rb7 43. Rb2 d5+ 44. Kc5 Nb8 45. b5 Kd7 46. b6 Na6+ 47. Kb5 Nc7+ 48. Ka5 Rb8 49. b7 Kc6 50. Nc2 Kc5 51. Nb4 Kc4 52. Rc2+ 1-0

[Event "Lukavac op 1st"]
[Site "Lukavac"]
[Date "2012.11.25"]
[Round "5"]
[White "Vajic, Goran"]
[Black "Bucan, Eldin"]
[Result "1-0"]
[WhiteElo "2244"]
[BlackElo "2157"]
[PlyCount "93"]
[EventDate "2012.11.23"]
[EventType "swiss"]
[EventRounds "7"]
[EventCountry "BIH"]
[SourceTitle "CBM 151 Extra"]
[Source "ChessBase"]
[SourceDate "2012.12.18"]
[SourceVersion "1"]
[SourceVersionDate "2012.12.18"]
[SourceQuality "1"]

1. e4 e5 2. Nf3 Nc6 3. Bb5 Nf6 4. 0-0 Bc5 5. c3 0-0 6. d4 Bb6 7. Bg5 h6 8. Bxf6 Qxf6 9. Bxc6 Qxc6 10. Nxe5 Qxe4 11. Nd2 Qf4 12. Ndc4 d6 13. Nd3 Qg5 14. Nxb6 axb6 15. a3 Bh3 16. Qf3 Bg4 17. Qxb7 Be2 18. Nb4 Bxf1 19. Rxf1 c5 20. Nc6 cxd4 21. Nxd4 Rab8 22. Qd7 Qd2 23. Qb5 Rfe8 24. Nf3 Qe2 25. Qb4 Qd3 26. h3 Re2 27. Nd4 Rd2 28. Qb3 Re8 29. Nf3 Rde2 30. Qxb6 R8e6 31. Qd4 Qb5 32. b4 Ra2 33. Qd1 Qa6 34. Nd4 Rf6 35. a4 Rxa4 36. b5 Qa8 37. Nc6 Ra2 38. Nb4 Rg6 39. Nd5 Qa7 40. b6 Qb7 41. Qf3 Kh8 42. Re1 Re6 43. Rb1 Rd2 44. Nc7 Re4 45. Ra1 Rd5 46. Ra8+ Kh7 47. Qxe4+ 1-0

[Event "BIH-chT1A"]
[Site "Neum"]
[Date "2012.08.30"]
[Round "8.4"]
[White "Mahmutbegovic, Nadina"]
[Black "Bucan, Eldin"]
[Result "0-1"]
[WhiteElo "1687"]
[BlackElo "2140"]
[PlyCount "74"]
[EventDate "2012.08.25"]
[EventType "team-tourn"]
[EventRounds "9"]
[EventCountry "BIH"]
[SourceTitle "CBM 150 Extra"]
[Source "ChessBase"]
[SourceDate "2012.10.19"]
[SourceVersion "1"]
[SourceVersionDate "2012.10.19"]
[SourceQuality "1"]

1. e4 c5 2. Nf3 Nc6 3. d4 cxd4 4. Nxd4 Nf6 5. Nc3 e5 6. Nb3 Bb4 7. Bd3 d5 8. exd5 Nxd5 9. Bd2 0-0 10. 0-0 Bxc3 11. bxc3 Qh4 12. g3 Qh3 13. Be4 Nde7 14. Bg2 Qe6 15. Re1 Qg6 16. f4 f6 17. c4 Bf5 18. c3 Rad8 19. fxe5 fxe5 20. Qc1 h6 21. Be3 b6 22. Nd2 Bd3 23. Bf2 Qf7 24. Be3 Bxc4 25. Nxc4 Qxc4 26. Bf1 Qe6 27. Rd1 e4 28. Rxd8 Rxd8 29. Qe1 Ne5 30. Be2 Nf5 31. Bf4 Nd3 32. Qf1 g5 33. Bc7 Rd7 34. Bg4 Rf7 35. Bb8 Qd5 36. Qe2 Qc5+ 37. Kg2 Ne3+ 0-1

[Event "BIH-chT1A"]
[Site "Neum"]
[Date "2012.08.26"]
[Round "2.1"]
[White "Strinic, Halid"]
[Black "Bucan, Eldin"]
[Result "1-0"]
[WhiteElo "2120"]
[BlackElo "2140"]
[PlyCount "67"]
[EventDate "2012.08.25"]
[EventType "team-tourn"]
[EventRounds "9"]
[EventCountry "BIH"]
[SourceTitle "CBM 150 Extra"]
[Source "ChessBase"]
[SourceDate "2012.10.19"]
[SourceVersion "1"]
[SourceVersionDate "2012.10.19"]
[SourceQuality "1"]

1. e4 e5 2. Nf3 Nc6 3. Bb5 a6 4. Bxc6 dxc6 5. d4 Bg4 6. dxe5 Qxd1+ 7. Kxd1 Bc5 8. Ke2 Ne7 9. h3 Be6 10. b3 Ng6 11. Be3 Bxe3 12. Kxe3 0-0-0 13. Nc3 Rhe8 14. Rad1 Rxd1 15. Rxd1 Bd7 16. Ne2 Nxe5 17. Nxe5 Rxe5 18. f4 Re8 19. g4 f5 20. gxf5 Bxf5 21. Ng3 Bd7 22. f5 Rf8 23. h4 g6 24. Kf4 Kd8 25. h5 Ke7 26. hxg6 hxg6 27. Rh1 Rf7 28. Ke5 gxf5 29. exf5 Kf8 30. f6 Kg8 31. Nf5 Rf8 32. Ne7+ Kf7 33. Rh7+ Ke8 34. Ng6 1-0

[Event "Sarajevo Bosna op-B 42nd"]
[Site "Sarajevo"]
[Date "2012.05.11"]
[Round "9"]
[White "Bucan, Eldin"]
[Black "Petrovic, Marija"]
[Result "0-1"]
[WhiteElo "2183"]
[BlackElo "2189"]
[PlyCount "66"]
[EventDate "2012.05.05"]
[EventType "swiss"]
[EventRounds "9"]
[EventCountry "BIH"]
[SourceTitle "CBM 148 Extra"]
[Source "ChessBase"]
[SourceDate "2012.06.22"]
[SourceVersion "1"]
[SourceVersionDate "2012.06.22"]
[SourceQuality "1"]

1. e4 d5 2. exd5 Qxd5 3. Nc3 Qd6 4. d4 Nf6 5. Nb5 Qd8 6. c4 c6 7. Nc3 Bf5 8. Nf3 e6 9. Be2 Nbd7 10. Nh4 Bg6 11. Nxg6 hxg6 12. Bf4 Qa5 13. Qb3 Qb4 14. Bf3 Nb6 15. c5 Nbd5 16. Be5 Qxb3 17. axb3 a6 18. Ra4 Nd7 19. Ne4 f5 20. Nd6+ Bxd6 21. Bxd6 Kf7 22. 0-0 N7f6 23. Be5 g5 24. Bxf6 gxf6 25. Bxd5 exd5 26. Rb4 Rab8 27. f4 g4 28. Ra1 Ke7 29. Kf2 Kd7 30. h3 gxh3 31. gxh3 Rxh3 32. Rxa6 Rh2+ 33. Ke3 Rbh8 0-1

[Event "Sarajevo Bosna op-B 42nd"]
[Site "Sarajevo"]
[Date "2012.05.10"]
[Round "8"]
[White "Grubacic, Mile"]
[Black "Bucan, Eldin"]
[Result "1/2-1/2"]
[WhiteElo "2025"]
[BlackElo "2183"]
[PlyCount "107"]
[EventDate "2012.05.05"]
[EventType "swiss"]
[EventRounds "9"]
[EventCountry "BIH"]
[SourceTitle "CBM 148 Extra"]
[Source "ChessBase"]
[SourceDate "2012.06.22"]
[SourceVersion "1"]
[SourceVersionDate "2012.06.22"]
[SourceQuality "1"]

1. e4 e5 2. f4 d5 3. exd5 exf4 4. Nf3 Nf6 5. c4 c6 6. d4 Bb4+ 7. Bd2 Bxd2+ 8. Qxd2 cxd5 9. Qxf4 0-0 10. Be2 Qb6 11. 0-0 Qxb2 12. Nbd2 Nc6 13. Rab1 Qc2 14. Bd1 Qxa2 15. Bb3 Qa5 16. Ne5 Qc3 17. Ndf3 Be6 18. Rfc1 Qa5 19. cxd5 Nxd5 20. Nxc6 bxc6 21. Qe5 Rac8 22. Rc5 Qc7 23. Rbc1 Qxe5 24. Nxe5 Nf4 25. Bxe6 Nxe6 26. Nxc6 Nxc5 27. Ne7+ Kh8 28. Nxc8 Nb3 29. Rc7 Nxd4 30. Nxa7 g6 31. Nc6 Ne6 32. Re7 Kg7 33. Rd7 Kf6 34. h3 Rc8 35. Nd4 Rd8 36. Rxd8 Nxd8 37. Kf2 Ne6 38. Nf3 Ng5 39. Nd2 Ke5 40. Ke3 Kd5 41. h4 Ne6 42. g4 Nd4 43. Kf4 h6 44. Nf1 Ne6+ 45. Ke3 Ke5 46. Nd2 f5 47. gxf5 gxf5 48. Kf3 Nd4+ 49. Kg3 h5 50. Nc4+ Ke4 51. Nd6+ Ke3 52. Nc4+ Kd3 53. Nd6 Ke2 54. Kf4 1/2-1/2

[Event "Sarajevo Bosna op-B 42nd"]
[Site "Sarajevo"]
[Date "2012.05.06"]
[Round "3"]
[White "Colpa, Husein"]
[Black "Bucan, Eldin"]
[Result "1-0"]
[WhiteElo "1944"]
[BlackElo "2183"]
[PlyCount "115"]
[EventDate "2012.05.05"]
[EventType "swiss"]
[EventRounds "9"]
[EventCountry "BIH"]
[SourceTitle "CBM 148 Extra"]
[Source "ChessBase"]
[SourceDate "2012.06.22"]
[SourceVersion "1"]
[SourceVersionDate "2012.06.22"]
[SourceQuality "1"]

1. Nf3 Nf6 2. d4 c5 3. d5 e6 4. c4 exd5 5. cxd5 d6 6. Nc3 g6 7. e4 Bg7 8. Bg5 0-0 9. Be2 Re8 10. 0-0 Qb6 11. Qc2 Nbd7 12. Rfe1 Ng4 13. Bf1 Nde5 14. Na4 Qa5 15. Bd2 Qd8 16. Bf4 Nxf3+ 17. gxf3 Ne5 18. Bg2 b5 19. Nc3 b4 20. Ne2 Ba6 21. Rad1 Qh4 22. Bg3 Qh5 23. Bxe5 Bxe5 24. Ng3 Qg5 25. Kh1 h5 26. Rg1 h4 27. Bf1 Qf6 28. Nf5 Bxf1 29. Rdxf1 Kf8 30. f4 Bxf4 31. Rg4 Qe5 32. Nxh4 Ke7 33. Ng2 Bh6 34. f4 Qd4 35. Rd1 Qf6 36. e5 Qf5 37. Qxf5 gxf5 38. Rh4 Bg7 39. Ne3 dxe5 40. Nxf5+ Kf6 41. Nd6 Re7 42. Ne4+ Kf5 43. Ng3+ Kg6 44. Rg1 Bf8 45. Nh5+ Kf5 46. Rg5+ Ke4 47. Nf6+ Kd3 48. fxe5 Kc2 49. Rg2+ Kd3 50. Rg3+ Kc2 51. Re4 Bh6 52. Re2+ Kd1 53. Rgg2 Rd8 54. b3 Bc1 55. a4 bxa3 56. Ne4 Bd2 57. Rxd2+ Kc1 58. Rg1# 1-0